Datum a čas kvízu

31.5 Celkem bodů Celkový počet nahraných bodů na tomto kvízu bez doplňovacích otázek.
6. Pořadí na kvízu Konečné umístění týmu na tomto kvízu.

Zaznamenané odpovědi

# Otázka Odpověď Body Výsledky
1. V Olomouci se objevil případ m... na sušáku na prádlo (na klepači na koberce) 1
2. Která země jako první v Latins... Uruguay 0
3. Počátkem týdne jsme se dozvědě... Katy Perry; Justin Trudeau 1
4. Kim Kardashian minulý týden př... Jsou chlupaté. 1
5. Minulý týden se na internetu o... Manchester United 1
6. Napište jméno pouště na obrázk... Namib (Namibská poušť) 0
7. Uveďte, kterým čtyřpísmenným p... vádí 0
8. Vyberte, se kterým živočichem... B 1
9. Pokud bylo cílovým místem slav... růžová (Růžové jezero) 0
10. Britský umělec Gordon Sumner s... Sting 1